Modern approach to the law of interpretation in Ghana / (Record no. 4810)

MARC details
000 -LEADER
fixed length control field 00933cam a22001695i 4500
020 ## - INTERNATIONAL STANDARD BOOK NUMBER
ISBN 9789988268602
050 ## - CALL NUMBER
Classification number KRX451
Item number .Ad4
100 1# - AUTHOR
Personal name Adjei, Dennis Dominic.
245 10 - TITLE
Title Modern approach to the law of interpretation in Ghana /
Statement of responsibility, etc Dennis Dominic Adjei.
250 ## - EDITION
Edition statement Second edition.
260 ## - PUBLICATION INFORMATION
Place of publication Accra :
Name of publisher Adwinsa Publications (Gh.) Ltd.,
Year of publication 2017.
300 ## - DESCRIPTION
Number of Pages 434 pages ;
Dimensions 26 cm
500 ## - NOTES
General note Includes index.
505 ## - FORMATTED CONTENTS NOTE
Table of Content Preliminary issues of interpretation --<br/>Basic rules of interpretation --<br/>Modern purposive approach (MOPA) --<br/>Aids to interpretation --<br/>Repealed and retroactive legislation --<br/>Ouster clauses --<br/>Presumptions --<br/>Constitutional interpretation --<br/>2012 presidential election petition: purpositivism v. literalism --<br/>It is a matter of proper judicial interpretation --<br/>Some controversial statutes --<br/>List of cases cited. <br/><br/><br/>
650 #0 - SUBJECTS
Topical Term Law
General subdivision Interpretation and construction.
942 ## - ADDED ENTRY ELEMENTS (KOHA)
Koha item type Books
Holdings
Withdrawn status Lost status Collection code Home library Current library Shelving location Date acquired Source of acquisition Full call number Accession Number Koha item type
    Reference Methodist University Law Library Methodist University Law Library General Stacks 17/01/2019 Legon Book Shop KRX451 .Ad4 5033 Books
Copyright © 2026  MUG Library